<?xml version="1.0" encoding="UTF-8"?>
<record
    xmlns:xsi="http://www.w3.org/2001/XMLSchema-instance"
    xsi:schemaLocation="http://www.loc.gov/MARC21/slim http://www.loc.gov/standards/marcxml/schema/MARC21slim.xsd"
    xmlns="http://www.loc.gov/MARC21/slim">

  <leader>01321nam a2200337   4500</leader>
  <controlfield tag="003">OSt</controlfield>
  <controlfield tag="005">20260601193843.0</controlfield>
  <controlfield tag="008">260506b2002    ne a|||| |||| 00| 0 eng d</controlfield>
  <datafield tag="020" ind1=" " ind2=" ">
    <subfield code="a">3764367431 (Birkh&#xE4;user : softcover)</subfield>
  </datafield>
  <datafield tag="020" ind1=" " ind2=" ">
    <subfield code="a">9783764367435 (Birkh&#xE4;user : softcover)</subfield>
  </datafield>
  <datafield tag="020" ind1=" " ind2=" ">
    <subfield code="a">9080644579 (Frame magazine)</subfield>
  </datafield>
  <datafield tag="020" ind1=" " ind2=" ">
    <subfield code="a">9789080644571 (Frame magazine)</subfield>
  </datafield>
  <datafield tag="040" ind1=" " ind2=" ">
    <subfield code="a">ICI</subfield>
    <subfield code="b">spa</subfield>
    <subfield code="c">ICI</subfield>
  </datafield>
  <datafield tag="050" ind1=" " ind2="4">
    <subfield code="a">NA1559.C87</subfield>
    <subfield code="b">V36 2002</subfield>
  </datafield>
  <datafield tag="100" ind1=" " ind2="1">
    <subfield code="a">Van Tilburg, Carolien</subfield>
    <subfield code="9">31033</subfield>
  </datafield>
  <datafield tag="245" ind1=" " ind2="1">
    <subfield code="a">Curiosity :</subfield>
    <subfield code="b">30 designs for products and interiors /</subfield>
    <subfield code="c">[written by Carolien van Tilburg].</subfield>
  </datafield>
  <datafield tag="260" ind1=" " ind2=" ">
    <subfield code="a">Basel ; </subfield>
    <subfield code="a">Boston :</subfield>
    <subfield code="a">Amsterdam :</subfield>
    <subfield code="b">Birkh&#xE4;user, Publishers for Architecture ;</subfield>
    <subfield code="b">Frame,</subfield>
    <subfield code="c">2002.</subfield>
  </datafield>
  <datafield tag="300" ind1=" " ind2=" ">
    <subfield code="a">160 p&#xE1;ginas</subfield>
    <subfield code="c">28cm.</subfield>
  </datafield>
  <datafield tag="336" ind1=" " ind2=" ">
    <subfield code="a">texto</subfield>
    <subfield code="2">rdacontent</subfield>
  </datafield>
  <datafield tag="337" ind1=" " ind2=" ">
    <subfield code="a">sin medio</subfield>
    <subfield code="2">rdamedia</subfield>
  </datafield>
  <datafield tag="338" ind1=" " ind2=" ">
    <subfield code="a">volumen</subfield>
    <subfield code="2">rdacarrier</subfield>
  </datafield>
  <datafield tag="610" ind1=" " ind2="2">
    <subfield code="a">Curiosity (Firm)</subfield>
    <subfield code="9">31034</subfield>
  </datafield>
  <datafield tag="610" ind1=" " ind2="2">
    <subfield code="a">Curiosity (Firma)</subfield>
    <subfield code="9">31035</subfield>
  </datafield>
  <datafield tag="650" ind1=" " ind2="0">
    <subfield code="a">Architecture</subfield>
    <subfield code="y">20th century.</subfield>
    <subfield code="z">Japan</subfield>
    <subfield code="9">31036</subfield>
  </datafield>
  <datafield tag="650" ind1=" " ind2="4">
    <subfield code="a">Arquitectura</subfield>
    <subfield code="9">5213</subfield>
  </datafield>
  <datafield tag="650" ind1=" " ind2="0">
    <subfield code="a">Interior decoration</subfield>
    <subfield code="x">History</subfield>
    <subfield code="y">20th century.</subfield>
    <subfield code="z">Japan</subfield>
    <subfield code="9">31037</subfield>
  </datafield>
  <datafield tag="650" ind1=" " ind2="4">
    <subfield code="a">Decoraci&#xF3;n de interiores</subfield>
    <subfield code="x">Historia</subfield>
    <subfield code="y">Siglo XX</subfield>
    <subfield code="z">Jap&#xF3;n</subfield>
    <subfield code="9">31038</subfield>
  </datafield>
  <datafield tag="650" ind1=" " ind2="0">
    <subfield code="a">Interior architecture</subfield>
    <subfield code="x">History</subfield>
    <subfield code="y">20th century.</subfield>
    <subfield code="z">Japan</subfield>
    <subfield code="9">31039</subfield>
  </datafield>
  <datafield tag="650" ind1=" " ind2="4">
    <subfield code="a">Arquitectura de interiores</subfield>
    <subfield code="x">Historia</subfield>
    <subfield code="y">Siglo XX</subfield>
    <subfield code="z">Jap&#xF3;n</subfield>
    <subfield code="9">31040</subfield>
  </datafield>
  <datafield tag="942" ind1=" " ind2=" ">
    <subfield code="2">lcc</subfield>
    <subfield code="c">B</subfield>
  </datafield>
  <datafield tag="999" ind1=" " ind2=" ">
    <subfield code="c">21520</subfield>
    <subfield code="d">21520</subfield>
  </datafield>
  <datafield tag="952" ind1=" " ind2=" ">
    <subfield code="0">0</subfield>
    <subfield code="1">0</subfield>
    <subfield code="2">lcc</subfield>
    <subfield code="4">0</subfield>
    <subfield code="7">0</subfield>
    <subfield code="a">BDIMFM</subfield>
    <subfield code="b">BDIMFM</subfield>
    <subfield code="d">2026-05-07</subfield>
    <subfield code="l">0</subfield>
    <subfield code="o">NA1559.C87 V36 2002</subfield>
    <subfield code="p">BDIMFM000225</subfield>
    <subfield code="r">2026-05-07 00:10:00</subfield>
    <subfield code="t">Ej.1</subfield>
    <subfield code="w">2026-05-07</subfield>
    <subfield code="y">B</subfield>
  </datafield>
</record>
